[Event "GER Seniors Derby 09th"]
[Site "Wesel Undeloh"]
[Date "2010.04.09"]
[Round "4.7"]
[White "Stueben, Bernd Michael"]
[Black "Leisen, Peter"]
[Result "0-1"]
[WhiteElo "1777"]
[BlackElo "1685"]
[PlyCount "70"]
[EventDate "2010.04.08"]
[EventType "swiss"]
[EventRounds "7"]
[EventCountry "GER"]
[SourceTitle "EXT 2022"]
[Source "ChessBase"]
[SourceDate "2021.10.06"]
[SourceVersion "1"]
[SourceVersionDate "2021.10.06"]
[SourceQuality "1"]

1. e4 c5 2. d4 cxd4 3. c3 dxc3 4. Nxc3 Nc6 5. Bc4 e6 6. a3 Nf6 7. Nf3 Nxe4 8. Nxe4 d5 9. Bxd5 Qxd5 10. Qe2 Be7 11. Nc3 Qf5 12. Be3 0-0 13. Rd1 Bf6 14. Bd2 Rd8 15. 0-0 e5 16. Ne4 Be7 17. Bc3 Be6 18. Ng3 Qg4 19. Qe3 f6 20. Rfe1 Qa4 21. Rc1 Rd5 22. h3 Rad8 23. Nd2 Bc5 24. Qe2 Nd4 25. Bxd4 Bxd4 26. Rc4 Qa6 27. Rb4 Qxe2 28. Rxe2 Bb6 29. Nde4 Bd7 30. Nc3 Rd6 31. Kh2 Bc6 32. Nce4 Kf7 33. Nc3 Rd2 34. Rxd2 Rxd2 35. Nge2 Bxf2 0-1